| 000 | 00705nam a22002297a 4500 | ||
|---|---|---|---|
| 005 | 20170124110038.0 | ||
| 010 | _aA-949600 | ||
| 020 |
_c00.00 _a8120720091 |
||
| 035 | _aA-949600 | ||
| 037 | _bCen Lib/Ret | ||
| 040 |
_aDPL _bEN |
||
| 082 |
_a883.08 _bNAY |
||
| 245 |
_aNayantra sahgal,s India : _bedited by Ralph J. Crane _cpassion politics and history / |
||
| 260 |
_aNew Delhi _bSterling publishers _c1998 |
||
| 270 |
_aL-10,Green Park Extension _bNew Delhi _e110016 |
||
| 300 |
_axiv,178p. _c22cm(Hb) |
||
| 500 | _aIncludes index | ||
| 650 |
_aEnglish Literature _923232 |
||
| 650 |
_aFiction _98901 |
||
| 700 |
_aCrane, Ralph J. _923233 |
||
| 942 |
_2ddc _cEN _h883.08 _mNAY |
||
| 999 |
_c128381 _d128381 |
||